00800nai a2200193Ia 4500003000900000008004100009022002200050022002300072040001600095245007400111260008600185310001200271362002700283521006900310650005800379650004700437650002900484856009300513IN-BaIIA211028c9999 xx s 000 0 eng d a2162-237X (Print) a2162-2388 (Online) cIIA Library 0aIEEE Transactions on Neural Networks and Learning Systemsh[eJournal] aNew York, USAbThe Institute of Electrical and Electronics Engineers, Inc. (IEEE) aMonthly a23(1); 2012 - Present  bSubscribed through National Knowledge Resource Consortium (NKRC) a Communication, Networking and Broadcast Technologies a Components, Circuits, Devices and Systems aComputing and Processing uhttps://ieeexplore.ieee.org/servlet/opac?punumber=5962385yClick Here to Access eJournal